<?xml version="1.0" encoding="UTF-8"?>
<record
    xmlns:xsi="http://www.w3.org/2001/XMLSchema-instance"
    xsi:schemaLocation="http://www.loc.gov/MARC21/slim http://www.loc.gov/standards/marcxml/schema/MARC21slim.xsd"
    xmlns="http://www.loc.gov/MARC21/slim">

  <leader>02073    a2200241   4500</leader>
  <controlfield tag="001">49205</controlfield>
  <controlfield tag="005">20260407155755.0</controlfield>
  <controlfield tag="008">260407a2019    arg                 spa d</controlfield>
  <controlfield tag="003">AR-UNSa-BCEJYS</controlfield>
  <datafield tag="040" ind1=" " ind2=" ">
    <subfield code="a">AR-UNSa-BCEJYS</subfield>
    <subfield code="b">spa</subfield>
    <subfield code="c">AR-UNSa-BCEJYS</subfield>
  </datafield>
  <datafield tag="080" ind1=" " ind2=" ">
    <subfield code="a">347.965</subfield>
    <subfield code="x">Abogados. La abogac&#xED;a (pr&#xE1;cticas profesionales)</subfield>
  </datafield>
  <datafield tag="245" ind1="1" ind2="0">
    <subfield code="a">Pr&#xE1;cticas profesionales sobre casos reales 2016-2017</subfield>
    <subfield code="p">Anuario del Patrocinio jur&#xED;dico gratuito de la Facultad de Derecho UBA</subfield>
  </datafield>
  <datafield tag="020" ind1=" " ind2=" ">
    <subfield code="a">978-950-23-2912-3</subfield>
  </datafield>
  <datafield tag="264" ind1=" " ind2="1">
    <subfield code="a">Buenos Aires :</subfield>
    <subfield code="b">Universidad de Buenos Aires. Facultad de Derecho</subfield>
    <subfield code="c">2019</subfield>
  </datafield>
  <datafield tag="300" ind1=" " ind2=" ">
    <subfield code="a">423 p.</subfield>
    <subfield code="c">23 cm.</subfield>
  </datafield>
  <datafield tag="505" ind1=" " ind2=" ">
    <subfield code="a">1. Presentaci&#xF3;n / Oscar Zoppi - 2. &#xC1;mbito de funcionamiento del patrocinio jur&#xED;dico de la Facultad de Derecho / Virginia Badino - 3. Acciones de amparo y cuestiones de derecho p&#xFA;blico / Tiberio Pardi&#xF1;as - 4. Casos de defensa del consumidor y el derecho a la salud / Javier del Sacramento - 5. Casos de desalojo y problemas de vivienda / C&#xE9;sar Zerbini - 6. Medidas excepcionales de protecci&#xF3;n de derechos de ni&#xF1;as, ni&#xF1;os y adolescentes. Control de legalidad previsto en el art&#xED;culo 39 de la ley 26061 / Gimol Pinto - 7. Casos de familia / Juan Antonio Seda - 8. El instituto de la guarda / Oscar Zorzoli - 9. Casos de filiaci&#xF3;n / Graciela A. Maiorano - 10. El proceso de divorcio y su abordaje desde la pr&#xE1;ctica profesional / Andrea Mercedes P&#xE9;rez - 11. Algunas reflexiones sobre la actualidad de la pr&#xE1;ctica profesional / Andrea Mercedes P&#xE9;rez - 12. Casos de violencia en sus diferentes manifestaciones / Eleonora Vallet - 13. Casos penales / Oscar de Vicente - 14. Casos de mediaci&#xF3;n / Mar&#xED;a Cristina Klein - 15. Casos del Servicio Social y de Psicolog&#xED;a / Mariana Riudavets.</subfield>
  </datafield>
  <datafield tag="041" ind1=" " ind2=" ">
    <subfield code="a">spa</subfield>
  </datafield>
  <datafield tag="942" ind1=" " ind2=" ">
    <subfield code="c">BK</subfield>
  </datafield>
  <datafield tag="590" ind1=" " ind2=" ">
    <subfield code="a">niveau_biblio:m niveau_hierar:0</subfield>
  </datafield>
  <datafield tag="100" ind1="1" ind2=" ">
    <subfield code="a">Universidad de Buenos Aires. Facultad de Derecho. Secretar&#xED;a de Extensi&#xF3;n Universitaria y Bienestar Estudiantil</subfield>
  </datafield>
  <datafield tag="700" ind1="1" ind2=" ">
    <subfield code="a">Zoppi, Oscar M.</subfield>
  </datafield>
  <datafield tag="856" ind1="4" ind2="1">
    <subfield code="u">https://www.biblioeco.unsa.edu.ar/pmb/images/libros/L127909.jpg</subfield>
    <subfield code="y">Imagen de portada</subfield>
    <subfield code="q">image/jpeg</subfield>
  </datafield>
  <datafield tag="999" ind1=" " ind2=" ">
    <subfield code="c">4784</subfield>
    <subfield code="d">4784</subfield>
  </datafield>
  <datafield tag="952" ind1=" " ind2=" ">
    <subfield code="0">0</subfield>
    <subfield code="1">0</subfield>
    <subfield code="4">0</subfield>
    <subfield code="7">0</subfield>
    <subfield code="a">BCEJYS</subfield>
    <subfield code="b">BCEJYS</subfield>
    <subfield code="c">16</subfield>
    <subfield code="d">2026-04-07</subfield>
    <subfield code="l">0</subfield>
    <subfield code="o">347.965 U58 2016/2017</subfield>
    <subfield code="p">L127909</subfield>
    <subfield code="r">2026-04-07 15:57:55</subfield>
    <subfield code="w">2026-04-07</subfield>
    <subfield code="y">L</subfield>
  </datafield>
</record>
